000 03188cam a2200301 4500500
005 20260329012238.0
041 _afre
042 _adc
100 1 0 _aPlanche, Marie-Claire
_eauthor
245 0 0 _aJacques de Sève (1715-1795), dessinateur et peintre parisien : une carrière dévoilée
260 _c2023.
500 _a65
520 _aLe dessinateur et peintre parisien Jacques de Sève, très actif dans la deuxième moitié du 18e siècle, est principalement connu pour ses compositions destinées au livre à figures mais sa carrière et son œuvre restent encore à révéler. De l’illustration littéraire à l’illustration scientifique, il apparaît comme un artiste prolixe dont le trait a été le plus souvent transposé par les plus grands graveurs du siècle. Ses compositions peintes, bien que peu nombreuses, confirment par ailleurs la place de J. de Sève dans son temps. Nous proposons un état de nos recherches tout à fait enrichies par des documents d’archives inédits et livrons le catalogue que nous avons établi. Ainsi l’artiste et l’homme se dévoilent peu à peu et ses dates biographiques sont enfin connues.
520 _aThe Parisian draughstman and painter Jacques de Sève, who was very active in the second half of the eighteenth century, was principally known for his compositions destined to illustrate books but his life’s work is still to be revealed. Ranging across literary and scientific illustrations, he was a prolific artist whose drawing skill was usually transposed by the greatest engravers of the century. His compositions in paint, though few, confirm the place  J. de Sève's  in his own day. This article presents my latest research enriched with unpublished archival documents as well my catalogue of his works. So the artist and the man, alongside the dating of his biography are now brought to light.
520 _aAl dibujante y pintor parisino Jacques de Sève, muy activo en la segunda mitad del siglo XVIII, se le conoce principalmente por sus composiciones destinadas a los libros con figuras, pero su carrera y su obra quedan por revelar. De la ilustración literaria a la ilustración científica, aparece como un artista prolijo cuyo trazo ha sido transpuesto, las más de las veces, por los grandes grabadores de su siglo. Sus composiciones pintadas, aunque poco numerosas, confirman por otra parte el lugar de Jacques de Sève en su tiempo. Proponemos un estado de nuestras investigaciones enriquecidas por unos documentos de archivos inéditos y entregamos el catálogo que hemos establecido. De esta manera, el artista y el hombre se van desvelando y se conocen por fin sus datos biográficos.
690 _a18e siècle
690 _aDessin
690 _aIllustration
690 _aJacques de Sève
690 _aLivre illustré
690 _aDraughtsman
690 _aEighteenth century
690 _aIllustrated book
690 _aIllustration
690 _aJacques de Sève
786 0 _nDix-huitième siècle | 55 | 1 | 2023-05-09 | p. 469-492 | 0070-6760
856 4 1 _uhttps://shs.cairn.info/revue-dix-huitieme-siecle-2023-1-page-469?lang=fr&redirect-ssocas=7080
999 _c1869225
_d1869225